000 01033nam a2200241Ia 4500
999 _c56343
_d56343
001 23456
003 GE_BSU
005 20250502122131.0
008 181216s1984||||ge |||||||||||||| ||geo||
040 _cGE_BSU
041 _ageo
080 _a94(37) ს-26
100 _aსანიკიძე, ლევან
_924997
245 _aრომის იმპერია /
_cლევან სანიკიძე; რედაქტორი ნ. ლომოური.
250 _aმე-2 გამოცემა
264 _aთბილისი :
_bთბილ. უნ-ტის გამ-ბა,
_c1984.
300 _a345 გვ. :
_b ილ. ;
_c 21 სმ.
500 _aქრონოლოგიური ნუსხა: გვ. 327-333 პირთა საძიებელი: გვ. 334-342.
653 _aისტორია
653 _aძველი რომის ისტორია.
700 _aლომოური, ნ.
_eრედაქტორი
_924998
942 _cBK
_2udc